000 00883nam0a22002531 4500
001 rc\2800641
005 20250529174433.0
035 _a(NLR Aleph) 006926660
090 _a7504033
_c7504033
100 _a20110915d1936 |||y0rusy50 ca
101 0 _arus
102 _aRU
105 _aa z |||||
200 1 _aПередвижные бараки на тракторно-ледяных дорогах
_eС 23 рис. в тексте
_fН. Н. Видов, М. А. Цывьян
210 _aЛенинград
_cГослестехиздат
_d1936
_g2 тип. Изд-ва Леноблисполкома и Ленсовета
215 _aОбл., 46 с.
_cил.
_d19х13 см.
700 1 _aВидов
_bН.Н.
701 1 _aЦывьян
_bМ.А.
801 0 _aRU
_bNLR
_gpsbo
801 1 _aRU
_bELAR
_2rusmarc
852 _aNLR
_j36-10/139
942 _cBOOK
980 _aNB